Credit scoring methods
Guardado en:
| Autor principal: | |
|---|---|
| Otros Autores: | |
| Formato: | Capítulo de libro |
| Lenguaje: | inglés |
| Materias: | |
| Etiquetas: |
Sin Etiquetas, Sea el primero en etiquetar este registro!
|
MARC
| LEADER | 00000naa$a2200000$$$4500 | ||
|---|---|---|---|
| 001 | 0045853 | ||
| 005 | 20231010105925.9 | ||
| 041 | 0 | |a eng | |
| 044 | |a CZ | ||
| 245 | 1 | 0 | |a Credit scoring methods |c Martin Vojtek, Evžen Kočenda |
| 610 | 2 | 0 | |a úver |
| 610 | 2 | 0 | |a banky obchodné |
| 610 | 2 | 0 | |a analýzy |
| 610 | 2 | 0 | |a metódy |
| 610 | 2 | 0 | |a siete neurónové |
| 610 | 2 | 0 | |a maloobchod |
| 610 | 2 | 0 | |a pôžičky |
| 100 | 1 | |a Vojtek, Martin | |
| 700 | 1 | |a Kočenda, Evžen | |